BIBLIOTECA

SENCICO

Formación y trabajo : (Registro nro. 351)

Detalles MARC
000 -LEADER
fixed length control field 01439nam a2200277Ia 4500
003 - CONTROL NUMBER IDENTIFIER
control field PE SENCICO BE
005 - DATE AND TIME OF LATEST TRANSACTION
control field 20251020182435.0
008 - FIXED-LENGTH DATA ELEMENTS--GENERAL INFORMATION
fixed length control field 200515s9999 xx 000 0 und d
020 ## - INTERNATIONAL STANDARD BOOK NUMBER
International Standard Book Number 92-9088-056-5
040 ## - CATALOGING SOURCE
Original cataloging agency PE SENCICO BE
Transcribing agency PE SENCICO BE
041 ## - LANGUAGE CODE
Language code of text/sound track or separate title spa
082 ## - DEWEY DECIMAL CLASSIFICATION NUMBER
Edition information 378.1
Item number C5
110 1# - MAIN ENTRY--CORPORATE NAME
Corporate name or jurisdiction name as entry element Centro Interamericano de Investigación y Documentación sobre Formación Profesional
9 (RLIN) 2178
245 10 - TITLE STATEMENT
Title Formación y trabajo :
Remainder of title de ayer para mañana /
Statement of responsibility, etc. Centro Interamericano de Investigación y Documentación sobre Formación Profesional
250 ## - EDITION STATEMENT
Edition statement [1a ed.]
260 ## - PUBLICATION, DISTRIBUTION, ETC.
Place of publication, distribution, etc. Montevideo :
Name of publisher, distributor, etc. Cinterfor/OIT ;
Date of publication, distribution, etc. 1996
300 ## - PHYSICAL DESCRIPTION
Extent 54 páginas :
Other physical details tablas ;
Dimensions 23 cm.
490 ## - SERIES STATEMENT
Series statement Papeles de la oficina técnica ;
Volume/sequential designation 1
505 0# - FORMATTED CONTENTS NOTE
Formatted contents note Formación profesional: continuidad y cambio -- Centralidad de la formación y desarrollo de recursos humanos dentro de la actual estrategia de desarrollo -- Estrategias de formación para el sector informal -- Las competencias laborales: una herramienta clave de la formación frente a los desafíos de la competitividad -- Un abanico de opciones para la articulación del Estado con el sector privado en materia de formación y desarrollo de recursos humanos
650 10 - SUBJECT ADDED ENTRY--TOPICAL TERM
Topical term or geographic name entry element Formación profesional
9 (RLIN) 1311
650 20 - SUBJECT ADDED ENTRY--TOPICAL TERM
Topical term or geographic name entry element Educación y estado
9 (RLIN) 2696
650 20 - SUBJECT ADDED ENTRY--TOPICAL TERM
Topical term or geographic name entry element PUB CINTERFOR
9 (RLIN) 2462
650 20 - SUBJECT ADDED ENTRY--TOPICAL TERM
Topical term or geographic name entry element PUB OIT
9 (RLIN) 2507
710 1# - ADDED ENTRY--CORPORATE NAME
9 (RLIN) 2182
Corporate name or jurisdiction name as entry element Organización Internacional del Trabajo
942 ## - ADDED ENTRY ELEMENTS (KOHA)
Koha item type Libros
Source of classification or shelving scheme Dewey Decimal Classification
Existencias
Fecha de la última vez que lo usaron Número de ingreso o de inventario Pago total Signatura topográfica completa Código de barras Precio efectivo desde Tipo de documento Estado perdido Sistema de clasificación Estado dañado No es para préstamo Retirado Ubicación permanente Ubicación actual Fecha de adquisición
15/05/2020 9971   378.1/C5 BibLima25030011 15/05/2020 Libros   Dewey Decimal Classification       Biblioteca Central Lima Biblioteca Central Lima 15/05/2020